000 00883cam a2200277 a 4500
001 000019812
005 20200929170140.0
008 780814s1966 sp 000 d spa d
035 _a(OCoLC)4138017
040 _aDO-SdBNP
_cTxViHU
_dDLC
082 _a862.6
_bA473m, 1966
100 1 _aÁlvarez Quintero, Serafín,
_d1871-1938
_942290
245 1 0 _aMalvaloca ; Doña Clarines /
_cS. y J. Álvarez Quintero.
250 _a6a ed.
260 _aMadrid :
_bEspasa-Calpe,
_c1966.
300 _a148 p. ;
_c18 cm.
490 1 _aAustral. Violeta: teatro y poesía
_v321
650 4 _aTeatro español
_93071
650 4 _aLiteratura española
_9632
700 1 _aÁlvarez Quintero, Joaquín,
_d1873-1944.
_942291
740 0 _aDoña Clarines.
830 0 _aAustral. Violeta: teatro y poesía ;
_p321
_942292
910 _aCatalogación derivada / LC
910 _aWM
049 _aBNGR
999 _c19325
_d19325